<?xml version="1.0" encoding="UTF-8"?>
<record
    xmlns:xsi="http://www.w3.org/2001/XMLSchema-instance"
    xsi:schemaLocation="http://www.loc.gov/MARC21/slim http://www.loc.gov/standards/marcxml/schema/MARC21slim.xsd"
    xmlns="http://www.loc.gov/MARC21/slim">

  <leader>02259agaaa2200337   4500</leader>
  <controlfield tag="001">8777</controlfield>
  <controlfield tag="003">IT-RoPAU</controlfield>
  <controlfield tag="005">20220918181244.0</controlfield>
  <controlfield tag="007">d cvaizq</controlfield>
  <controlfield tag="008">50131s9999||||xx ||| |     ||   ||und||</controlfield>
  <datafield tag="040" ind1=" " ind2=" ">
    <subfield code="a">IT-RoPAU</subfield>
    <subfield code="c">IT-RoPAU</subfield>
  </datafield>
  <datafield tag="041" ind1=" " ind2=" ">
    <subfield code="a">ITALIANO</subfield>
  </datafield>
  <datafield tag="100" ind1=" " ind2=" ">
    <subfield code="a">Castellacci Piero</subfield>
    <subfield code="g">Codice regista SPICS: 23788</subfield>
    <subfield code="9">46378</subfield>
  </datafield>
  <datafield tag="130" ind1=" " ind2=" ">
    <subfield code="a">FORZA VENITE GENTE</subfield>
    <subfield code="9">46379</subfield>
  </datafield>
  <datafield tag="245" ind1=" " ind2=" ">
    <subfield code="a">FORZA VENITE GENTE</subfield>
    <subfield code="c">Prodotto da: Club Teatro Musica -- Sceneggiatura: Michele Paulicelli, Castellacci Mario E Piero, Piero Palumbo -- Diretto da: Castellacci Piero</subfield>
    <subfield code="p">FORZA VENITE GENTE (Rif. Codice opera principale : G8777)</subfield>
  </datafield>
  <datafield tag="250" ind1=" " ind2=" ">
    <subfield code="a">Edizione Standard</subfield>
  </datafield>
  <datafield tag="260" ind1=" " ind2=" ">
    <subfield code="a">ROMA (ITALIA)</subfield>
    <subfield code="b">BMG RICORDI - PAOLINE / Distribuzione: RAI</subfield>
    <subfield code="g">"2000 (1&#xB0; ed.: 2000 ; Ed. Lingua Orig.: 1981)"</subfield>
  </datafield>
  <datafield tag="300" ind1=" " ind2=" ">
    <subfield code="a">VHS</subfield>
    <subfield code="b">sonoro, col.</subfield>
    <subfield code="c">113 minuti</subfield>
  </datafield>
  <datafield tag="508" ind1=" " ind2=" ">
    <subfield code="a">"Fotografia: Carlo Mancini; Musica: Paulicelli Michele; Sceneggiatura: Michele Paulicelli, Castellacci Mario E Piero, Piero Palumbo; Coreografia: Bice Minori; Soggetto: Castellacci Mario -- Castellacci Piero"</subfield>
  </datafield>
  <datafield tag="511" ind1=" " ind2=" ">
    <subfield code="a">"Michele; Paulicelli; Carlo; Conversi; Silvia; Gigli; Barbara; Coppola; A.; Oliva"</subfield>
  </datafield>
  <datafield tag="520" ind1=" " ind2=" ">
    <subfield code="a">REGISTRAZIONE DA PIAZZA SAN GIOVANNI IN LATERANO-ROMA. CON OLTRE 2000 REPLICHE IN ITALIA, FORZA VENITE GENTE E' LA STORIA DI FRANCESCO D'ASSISI, CON PARTICOLARE RIGUARDO AGLI ASPETTI PIU' LIETI DELLA SUA PREDICAZIONE: SPERANZA, FEDE NELLA VITA, AMORE PER LA NATURA. LO SPETTACOLO TRADUCE IN TERMINI ATTUALI L'ETERNO CONFLITTO TRA PADRI E FIGLI, TRA RAGIONE E FEDE, TRA MESCHINA PRUDENZA E GENEROSO CORAGGIO. NUOVA EDIZIONE DELLO SPETTACOLO CHE SI REPLICA ORMAI DA 20 ANNI. DISTRIBUZIONE MULTIMEDIA SAN PAOLO. FILM A COLORI.</subfield>
  </datafield>
  <datafield tag="538" ind1=" " ind2=" ">
    <subfield code="a">PAL, STEREO</subfield>
  </datafield>
  <datafield tag="546" ind1=" " ind2=" ">
    <subfield code="a">ITALIANO</subfield>
  </datafield>
  <datafield tag="650" ind1=" " ind2=" ">
    <subfield code="a">MUSICAL</subfield>
    <subfield code="e">TV-PROGRAMMI MUSICALI [VHS]</subfield>
    <subfield code="x">Codice MATERIA SPICS: 9965</subfield>
    <subfield code="9">46380</subfield>
  </datafield>
  <datafield tag="700" ind1=" " ind2=" ">
    <subfield code="a">Castellacci Mario </subfield>
    <subfield code="e">(soggetto)</subfield>
    <subfield code="g">Codice Soggetto SPICS: 11505</subfield>
    <subfield code="9">46381</subfield>
  </datafield>
  <datafield tag="700" ind1=" " ind2=" ">
    <subfield code="a">Castellacci Piero </subfield>
    <subfield code="e">(regista)</subfield>
    <subfield code="g">Codice regista SPICS: 23788</subfield>
    <subfield code="9">46382</subfield>
  </datafield>
  <datafield tag="700" ind1=" " ind2=" ">
    <subfield code="a">Castellacci Piero </subfield>
    <subfield code="e">(soggetto)</subfield>
    <subfield code="g">Codice Soggetto 2&#xB0; SPICS: 23788</subfield>
    <subfield code="9">46383</subfield>
  </datafield>
  <datafield tag="700" ind1=" " ind2=" ">
    <subfield code="a">Paulicelli Michele</subfield>
    <subfield code="e">(musica)</subfield>
    <subfield code="g">Codice Musica SPICS: 11061</subfield>
    <subfield code="9">46384</subfield>
  </datafield>
  <datafield tag="700" ind1=" " ind2=" ">
    <subfield code="a">Roggero Carlo</subfield>
    <subfield code="e">(regista)</subfield>
    <subfield code="g">Codice secondo regista SPICS: 55939</subfield>
    <subfield code="9">46385</subfield>
  </datafield>
  <datafield tag="942" ind1=" " ind2=" ">
    <subfield code="c">VH</subfield>
    <subfield code="2">ddc</subfield>
  </datafield>
  <datafield tag="999" ind1=" " ind2=" ">
    <subfield code="c">106344</subfield>
    <subfield code="d">106344</subfield>
  </datafield>
  <datafield tag="952" ind1=" " ind2=" ">
    <subfield code="0">0</subfield>
    <subfield code="1">0</subfield>
    <subfield code="4">0</subfield>
    <subfield code="6">G_8777_000000000000000</subfield>
    <subfield code="7">1</subfield>
    <subfield code="a">SPICS</subfield>
    <subfield code="b">SPICS</subfield>
    <subfield code="d">2015-01-31</subfield>
    <subfield code="l">0</subfield>
    <subfield code="o">G8777</subfield>
    <subfield code="r">2015-01-31 00:00:00</subfield>
    <subfield code="w">2015-01-31</subfield>
    <subfield code="y">VH</subfield>
    <subfield code="z">Progr. Ins.: 3051 / N.Vol.:1 / Copie: 1 / Pag.:0 / Copia rara: n.d. / date import: 1.2.2015 / By Epidotti, Trombetti, Vaglietti</subfield>
  </datafield>
</record>
